Rockland - Gracie Abrams - Statistics

General Stats
  • This quiz has been taken 110 times
  • The average score is 275 of 293
Answer Stats
Hint Answer % Correct
every
100%
I
100%
(I
100%
you
100%
you)
100%
your
100%
a
98%
even
98%
heartbeat
98%
heartbeat)
98%
in
98%
like
98%
me
98%
me)
98%
my
98%
never
98%
(never
98%
see
98%
Chorus Bet
96%
bet
96%
(bet
96%
broke
96%
(broke
96%
don't
96%
her
96%
if
96%
met
96%
nicer
96%
night
96%
sleep
96%
that
96%
the
96%
then
96%
took
96%
who
96%
wish
96%
would
96%
at
94%
bad
94%
bed
94%
blame
94%
dream
94%
feel
94%
Verse 1 | Verse 2 Hey
94%
hey
94%
i'm
94%
it
94%
place
94%
say
94%
slightly
94%
thing
94%
up
94%
we
94%
when
94%
calling
92%
everything
92%
left
92%
might
92%
said
92%
started
92%
sure
92%
were
92%
wrong
92%
anticipating
90%
cut
90%
deep
90%
from
90%
hung
90%
laughs
90%
on
90%
probably
90%
would've
90%
gave
88%
happen
88%
one
88%
and
86%
could
86%
i'd
86%
knife
86%
seen
86%
you'd
86%
alright
84%
can't
84%
everybody
84%
had
84%
house
84%
make
84%
music
84%
you've
84%
falling
82%
hate
82%
hid
82%
laughed
82%
lights
82%
less
80%
now
80%
street
80%
with
80%
across
78%
fight
78%
hold
78%
loud
78%
doubt
76%
just
76%
parked
76%
got
73%
comedown
67%
No matching quizzes found
Score Distribution
Percent of People with Each Score
Percentile by Number Answered
Your Score History
You have not taken this quiz